| 000 | 01458nam0a22003859 4500 | ||
|---|---|---|---|
| 001 | RU\NLR\b_ik\41955 | ||
| 005 | 20250616224344.0 | ||
| 010 | _a91-7100-535-8 | ||
| 035 | _a(NLR Aleph) 002116631 | ||
| 090 |
_a1942674 _c1942674 |
||
| 100 | _a19950127d1996 |||y0rusy50 ca | ||
| 101 | 0 | _arus | |
| 102 | _aRU | ||
| 105 | _aa ||||||||| | ||
| 200 | 1 |
_aReternity _eTorbjörn Lenskogs designsaml. komment. av sju konstnärer _eEn utställning producerad av Futurniture och Nationalmuseum _e[Katalog _fKatalogred.: Jakov Lind] |
|
| 210 |
_a[Stockholm _cNationalmuseum _d1996] |
||
| 215 |
_a77 c. _cил., цв.ил., факс. _d29 |
||
| 225 | 1 |
_aNationalmusei utställningskat. _vN595 |
|
| 300 | _aТекст парал. на швед. и англ. яз | ||
| 320 | _aБиблиогр. в конце статей | ||
| 541 | 0 | _aНаправление. | |
| 606 | 0 |
_aПромышленное искусство _xИстория _2nlr-sh1 |
|
| 686 | 0 |
_aЩ129.3(0) _2rubbk |
|
| 702 | 1 |
_aLenskog _bTorbjörn _f1936- |
|
| 702 | 1 |
_aLind _bJacob _f1966- _4340 |
|
| 801 | 0 |
_aRU _bNLR _c19950127 _gPSBO |
|
| 801 | 1 |
_aRU _bNLR _c20011019 |
|
| 852 |
_aNLR _jИс51 Д-8/70 |
||
| 942 | _cBOOK | ||
| 980 | _aNB | ||